The fly tyer's handbook. (Record no. 11054)

MARC details
000 -LEADER
fixed length control field 00525cam a22001931 4500
001 - CONTROL NUMBER
control field agr49000473
003 - CONTROL NUMBER IDENTIFIER
control field DLC
005 - DATE AND TIME OF LATEST TRANSACTION
control field 20260227111011.0
008 - FIXED-LENGTH DATA ELEMENTS--GENERAL INFORMATION
fixed length control field 761209s1949 nyua 00000 eng
010 ## - LIBRARY OF CONGRESS CONTROL NUMBER
LC control number agr49000473 //r89
040 ## - CATALOGING SOURCE
Transcribing agency NIC
Modifying agency DLC
050 0# - LIBRARY OF CONGRESS CALL NUMBER
Classification number SH451
Item number .T3 1949
082 ## - DEWEY DECIMAL CLASSIFICATION NUMBER
Classification number 799.12
100 10 - MAIN ENTRY--PERSONAL NAME
Personal name Tapply, H. G.
Fuller form of name (Horace G.),
Dates associated with a name 1910-
245 14 - TITLE STATEMENT
Title The fly tyer's handbook.
Statement of responsibility, etc. Illustrated by Lu Henderson.
260 0# - PUBLICATION, DISTRIBUTION, ETC.
Place of publication, distribution, etc. New York,
Name of publisher, distributor, etc. O. Durrell
Date of publication, distribution, etc. [1949]
300 ## - PHYSICAL DESCRIPTION
Extent 69 p.
Other physical details illus.
Dimensions 23 cm.
650 #0 - SUBJECT ADDED ENTRY--TOPICAL TERM
Topical term or geographic name entry element Fly tying.

No items available.

Powered by Koha